000 00346nam a2200145Ia 4500
008 220216s9999 xx 000 0 und d
100 _aThomas K U
245 0 _aControlled upward tapping
260 _bRubber Board Bulletin
_c2006
300 _a13-Sep
650 _aCUT
650 _aUpward tapping
700 _aVijayakumar K R
942 _cBS
999 _c50710
_d50710